000 00929nam a2200265 i 4500
001 bg
245 C _aProceedings of the 8th American Water Jet Conference. Vol.1 :
_bAugust 26-29, 1995 Houston, Texas /
_ced. by Thomas Labus.
260 _aSt. Louis :
_bWater Jet Technology Association,
_c1995.
300 _aXII, 457, 2 s. :
_bfot., rys., wykr. ;
_c28 cm.
504 _aBibliogr. przy ref. - Indeks.
650 9 _aWysokociƛnieniowa struga wody
_xstosowanie
650 9 _aHydromechanika
655 _aMateriaƂy konferencyjne
700 1 _aLABUS, Thomas.
_eRed.
020 _a1880342057 (Vol.1)
020 _a1880342073 (2 Vol.Set)
040 _cBPK
041 0 _aen
080 _a532(061)
920 _a1-880342-05-7 (Vol.1)
920 _a1-880342-07-3 (2 Vol.Set)
942 _cKS
008 s pl f |000 0 pol
999 _c39888
_d39888
856 _uhttp://koha.tu.koszalin.pl/cgi-bin/koha/opac-detail.pl?biblionumber=39888
_yKatalog online BPK